[Event "Tournoi Skype 032A"]
[Site "Skype"]
[Date "????.??.??"]
[Round "6.31"]
[White "Vasquez Cienfuegos, Oscar"]
[Black "Sosa, Juan Carlos"]
[Result "1-0"]
[WhiteElo "1651"]
[BlackElo "1569"]
[PlyCount "93"]

1. Nf3 Nf6 2. c4 c6 3. Nc3 d5 4. cxd5 Nxd5 5. e4 Nxc3 6. bxc3 Bg4 7. d4 e6 8.
Be2 Be7 9. Rb1 b6 10. h3 Bh5 11. Ne5 Bxe2 12. Qxe2 O-O 13. O-O c5 14. Bb2 Bf6
15. Nf3 Nc6 16. e5 Be7 17. Rfd1 Qc7 18. Ba3 Rad8 19. Rbc1 Rd5 20. Rc2 Rfd8 21.
Rcd2 cxd4 22. Bxe7 Qxe7 23. cxd4 h6 24. Qc4 Qd7 25. a3 b5 26. Qc3 a5 27. Rc1
Rc8 28. Qb2 b4 29. Rc5 bxa3 30. Qxa3 Qe7 31. Rdc2 Kh7 32. Qd3+ g6 33. Rxc6 Rxc6
34. Rxc6 Qb7 35. Qc2 Rb5 36. Rc7 Rb1+ 37. Kh2 Rb2 38. Rxb7 Rxc2 39. Rxf7+ Kg8
40. Ra7 Ra2 41. Ne1 a4 42. Nd3 a3 43. Nf4 Rxf2 44. Nxe6 a2 45. d5 Re2 46. Nf4
g5 47. Nxe2 1-0

[Event "Tournoi Skype 032A"]
[Site "Skype"]
[Date "????.??.??"]
[Round "6.32"]
[White "L'Herbon De Lussats, Jean"]
[Black "De Fazio, Monica"]
[Result "1-0"]
[WhiteElo "1493"]
[BlackElo "1603"]
[PlyCount "75"]

1. c4 Nf6 2. g3 g6 3. Bg2 Bg7 4. Nf3 O-O 5. O-O b6 6. Nh4 c6 7. d4 d5 8. Na3
Bb7 9. Rb1 Nbd7 10. c5 bxc5 11. Nc2 cxd4 12. Nxd4 c5 13. Nb5 Bc6 14. a4 a6 15.
Nc3 Nb6 16. b4 cxb4 17. Rxb4 a5 18. Rb1 Rc8 19. Nb5 Bxb5 20. Rxb5 Ra8 21. Nf3
Ne4 22. Qb3 Nc4 23. Rd1 Nc3 24. Rbxd5 Nxe2+ 25. Kh1 Qb6 26. Qxc4 Qxf2 27. Ng1
Bd4 28. Nxe2 Rfd8 29. R5xd4 Rxd4 30. Nxd4 Rd8 31. Qc3 e5 32. Be3 Qf6 33. Rf1
exd4 34. Qb3 Qe7 35. Bh6 d3 36. Bd5 Rxd5 37. Qxd5 d2 38. Qa8+ 1-0

[Event "Tournoi Skype 032A"]
[Site "Skype"]
[Date "????.??.??"]
[Round "7.1"]
[White "Ricieri, Vinicius"]
[Black "Elias, Roberto"]
[Result "1/2-1/2"]
[WhiteElo "1878"]
[BlackElo "1821"]
[PlyCount "75"]

1. d4 Nf6 2. c4 e6 3. g3 d5 4. Nf3 c6 5. Bg2 Nbd7 6. O-O Bd6 7. Nbd2 O-O 8. Qc2
e5 9. dxe5 Nxe5 10. Nxe5 Bxe5 11. Nf3 Bc7 12. Rd1 Qe7 13. Bg5 dxc4 14. Qxc4 Be6
15. Qc3 Bd8 16. a4 h6 17. Be3 Nd5 18. Rxd5 Bxd5 19. Bc5 Qxe2 20. Bxf8 Kxf8 21.
Re1 Qc4 22. Qa3+ c5 23. Nd2 Qd4 24. Nb3 Bxb3 25. Qxb3 Ba5 26. Rd1 Qb4 27. Qxb4
Bxb4 28. Bxb7 Re8 29. Rd7 g5 30. Bd5 Re7 31. Rd8+ Kg7 32. Rb8 Rd7 33. Bc4 Kg6
34. Rg8+ Kh7 35. Rf8 Kg7 36. Rb8 Kf6 37. Rf8 Kg7 38. Rb8 1/2-1/2

[Event "Tournoi Skype 032A"]
[Site "Skype"]
[Date "????.??.??"]
[Round "7.2"]
[White "Grosso, Raul"]
[Black "Rico Hernandez, Edgar"]
[Result "1-0"]
[WhiteElo "1848"]
[BlackElo "1843"]
[PlyCount "41"]

1. Nf3 Nf6 2. g3 d5 3. Bg2 c6 4. c4 e6 5. O-O Be7 6. b3 O-O 7. Bb2 Nbd7 8. d4
b6 9. Nc3 Ba6 10. Nd2 Rc8 11. a4 Bb7 12. e4 Qc7 13. e5 Ne8 14. Rc1 Qb8 15. Qe2
Nc7 16. f4 Qa8 17. f5 exf5 18. Rxf5 Ne6 19. Qd3 Rcd8 20. cxd5 cxd5 21. Ne2 1-0

[Event "Tournoi Skype 032A"]
[Site "Skype"]
[Date "????.??.??"]
[Round "7.4"]
[White "Sequeda Pimiento, Javier Ricardo"]
[Black "Lovell, Stan"]
[Result "1/2-1/2"]
[WhiteElo "1576"]
[BlackElo "1684"]
[PlyCount "137"]

1. e4 c6 2. d4 d5 3. Nc3 dxe4 4. Nxe4 Bf5 5. Bd3 Qxd4 6. Nf3 Qd5 7. Nc3 Qd7 8.
Ne5 Qe6 9. Qe2 Bxd3 10. cxd3 Nd7 11. Bf4 Nxe5 12. Qxe5 Qxe5+ 13. Bxe5 f6 14.
Bg3 e5 15. O-O Bc5 16. Ne4 Be7 17. Rad1 O-O-O 18. f4 exf4 19. Rxf4 Nh6 20. d4
Rd7 21. Nc3 Rhd8 22. Bf2 Bd6 23. Rh4 Kb8 24. Ne4 Bf8 25. a3 f5 26. Nc3 g5 27.
Rh5 g4 28. Be3 Ng8 29. Rxf5 Bg7 30. Ne2 c5 31. Rxc5 b6 32. Rc4 Nh6 33. Ng3 Nf7
34. Nf5 Bf6 35. Rc6 Be5 36. g3 Bh8 37. b4 Ne5 38. Bf4 Kb7 39. Bxe5 Kxc6 40.
Bxh8 Rxh8 41. d5+ Kc7 42. d6+ Kd8 43. Rd5 Rf8 44. Nd4 Rf6 45. Nc6+ Ke8 46. Ne5
Rdxd6 47. Rxd6 Rxd6 48. Nxg4 Rd1+ 49. Kg2 Kf7 50. Ne5+ Ke6 51. Nc6 a6 52. Nb8
a5 53. bxa5 bxa5 54. Nc6 a4 55. Nb4 Ra1 56. Nd3 Rxa3 57. Nc5+ Kf5 58. h3 Ra2+
59. Kf3 a3 60. g4+ Kg6 61. Nb3 Rb2 62. Nc1 a2 63. Nxa2 Rxa2 64. Kg3 h5 65. Kh4
hxg4 66. hxg4 Ra3 67. g5 Ra4+ 68. Kg3 Kxg5 69. Kf3 1/2-1/2

[Event "Tournoi Skype 032A"]
[Site "Skype"]
[Date "????.??.??"]
[Round "7.5"]
[White "Calcino, Luis"]
[Black "Alvarez, Juan Evangelista"]
[Result "1-0"]
[WhiteElo "1848"]
[BlackElo "1693"]
[PlyCount "87"]

1. Nf3 Nc6 2. c4 e5 3. Nc3 Nf6 4. d3 Bb4 5. Qc2 e4 6. dxe4 O-O 7. a3 Bxc3+ 8.
bxc3 Re8 9. Bg5 Ne5 10. e3 h6 11. Bh4 g5 12. Bg3 Nxf3+ 13. gxf3 Nh5 14. Be2
Nxg3 15. hxg3 Qf6 16. f4 gxf4 17. gxf4 Qg6 18. Bd3 Qg2 19. O-O-O Kf8 20. Rdg1
Qxg1+ 21. Rxg1 d6 22. Qa4 h5 23. f5 Ke7 24. Qa5 b6 25. f6+ Kxf6 26. Qxh5 Ke7
27. Rg7 Be6 28. f4 Rh8 29. Qg5+ Ke8 30. Rg8+ Rxg8 31. Qxg8+ Ke7 32. Qxa8 a5 33.
Qc6 Kd8 34. f5 Bd7 35. Qd5 Ke7 36. e5 dxe5 37. Qxe5+ Kd8 38. c5 bxc5 39. f6 Be6
40. Qxc5 a4 41. Ba6 Kd7 42. Qb5+ Kd6 43. e4 Bd7 44. Qd5# 1-0

[Event "Tournoi Skype 032A"]
[Site "Skype"]
[Date "????.??.??"]
[Round "7.7"]
[White "Mayor Martinez, Juan Jose"]
[Black "Morales Terreros, Jose Luis"]
[Result "1-0"]
[WhiteElo "1802"]
[BlackElo "1623"]
[PlyCount "81"]

1. e4 e5 2. Nf3 Nc6 3. Bc4 Nf6 4. d3 Bc5 5. Nc3 d6 6. h3 a6 7. a4 Bd7 8. Nd5
Nxd5 9. Bxd5 Qc8 10. c3 Ne7 11. Bc4 b5 12. axb5 axb5 13. Rxa8 Qxa8 14. Bb3 O-O
15. O-O Ng6 16. Ng5 h6 17. Nxf7 Rxf7 18. Qh5 Nh8 19. Bxh6 gxh6 20. Qxh6 Qf8 21.
Qg5+ Kh7 22. Qh5+ Kg7 23. Bxf7 Nxf7 24. Kh2 Nh8 25. g3 Be8 26. Qg4+ Ng6 27. h4
Kh7 28. Kg2 Ne7 29. f4 exf4 30. Rxf4 Qh6 31. b4 Be3 32. Rf1 Ng6 33. Qf5 Kg8 34.
Qe6+ Kh7 35. Qxe8 Ne5 36. Qxb5 Bc1 37. d4 Ng4 38. Qd7+ Kg6 39. Qxg4+ Kh7 40.
Rf7+ Kh8 41. Qc8+ 1-0

[Event "Tournoi Skype 032A"]
[Site "Skype"]
[Date "????.??.??"]
[Round "7.8"]
[White "Pirola, Gabriele"]
[Black "Raut, Suryakant"]
[Result "1-0"]
[WhiteElo "1702"]
[BlackElo "1542"]
[PlyCount "86"]

1. Nf3 Nc6 2. d4 d5 3. g3 Nf6 4. Bg2 e6 5. O-O Be7 6. b3 O-O 7. Bb2 Re8 8. Re1
Bd6 9. Nbd2 e5 10. dxe5 Nxe5 11. e4 dxe4 12. Nxe5 Bxe5 13. Bxe5 Rxe5 14. Nxe4
Bf5 15. Qxd8+ Rxd8 16. Nxf6+ gxf6 17. Bxb7 Rxe1+ 18. Rxe1 Bxc2 19. Be4 Bxe4 20.
Rxe4 Rd2 21. Ra4 Rc2 22. Rxa7 Rb2 23. Rxc7 Rxa2 24. b4 Rb2 25. Rc8+ Kg7 26. Rb8
f5 27. Kg2 h5 28. Kf3 Kf6 29. Rb6+ Kg7 30. b5 f6 31. Rb8 Kf7 32. b6 Kg6 33. b7
Kg7 34. Kg2 Rb3 35. f4 Rb2+ 36. Kh3 Rb3 37. Kh4 Rb2 38. h3 Rb3 39. Kxh5 Rb2 40.
h4 Kh7 41. g4 Kg7 42. g5 fxg5 43. Kxg5 Rb5 1-0

[Event "Tournoi Skype 032A"]
[Site "Skype"]
[Date "????.??.??"]
[Round "7.9"]
[White "Trivedi, Viral"]
[Black "Hahnewald, Uwe"]
[Result "0-1"]
[WhiteElo "1551"]
[BlackElo "1869"]
[PlyCount "44"]

1. d4 d5 2. Bf4 e6 3. e3 c5 4. c3 Nc6 5. Nd2 Bd6 6. Bg3 Nge7 7. f4 O-O 8. Ngf3
cxd4 9. cxd4 f6 10. Bd3 e5 11. dxe5 fxe5 12. fxe5 Bc5 13. Qb3 Bf5 14. Bxf5 Nxf5
15. Bf2 Na5 16. Qd3 Qb6 17. Qxd5+ Kh8 18. Nd4 Rad8 19. Qe4 Nxd4 20. exd4 Bxd4
21. O-O Bxf2+ 22. Rxf2 Qxf2+ 0-1

[Event "Tournoi Skype 032A"]
[Site "Skype"]
[Date "????.??.??"]
[Round "7.10"]
[White "Resende, Paulo"]
[Black "Chavero, Victor"]
[Result "0-1"]
[WhiteElo "1929"]
[BlackElo "1563"]
[PlyCount "52"]

1. e4 d5 2. exd5 Qxd5 3. Nc3 Qe6+ 4. Be2 Qd6 5. d4 e5 6. dxe5 Qxd1+ 7. Bxd1 Nc6
8. Nf3 Nge7 9. O-O Be6 10. Be2 O-O-O 11. Bd3 Nd5 12. Nxd5 Bxd5 13. b3 Bxf3 14.
gxf3 Nxe5 15. Bf5+ Kb8 16. Kg2 Ng6 17. Bb2 Nh4+ 18. Kg3 Nxf5+ 19. Kh3 Bc5 20.
Kg4 Nd4 21. c3 h5+ 22. Kf4 Ne2+ 23. Kf5 Rd5+ 24. Ke4 Rd2 25. Rab1 Re8+ 26. Kf5
Rd5# 0-1

[Event "Tournoi Skype 032A"]
[Site "Skype"]
[Date "????.??.??"]
[Round "7.11"]
[White "Sanchez Ruiz, Justo"]
[Black "Khetre, Gaurav"]
[Result "0-1"]
[WhiteElo "1671"]
[BlackElo "1701"]
[PlyCount "94"]

1. e4 c6 2. d4 d5 3. exd5 cxd5 4. Bd3 Nf6 5. c3 Nbd7 6. Bf4 g6 7. Nf3 Bg7 8.
Nbd2 a6 9. O-O O-O 10. Re1 b5 11. Ne5 Bb7 12. Ndf3 Nh5 13. Be3 Qc7 14. Nxd7
Qxd7 15. Ne5 Qd8 16. Qd2 Nf6 17. Bh6 Qd6 18. Bxg7 Kxg7 19. Rad1 Rac8 20. Qg5
Ne4 21. Bxe4 dxe4 22. Ng4 h5 23. Qh6+ Kg8 24. Ne5 Rcd8 25. Re3 Qf6 26. Rg3 Qg7
27. Qe3 Kh7 28. Qg5 Qf6 29. Qe3 Qxe5 30. f4 Qd5 31. Rg5 Qxa2 32. Rd2 Rd5 33. f5
Rxf5 34. Rxf5 gxf5 35. Qg5 Qe6 36. Qxh5+ Kg7 37. Rf2 Qg6 38. Rxf5 Qxh5 39. Rxh5
f5 40. Rg5+ Kh6 41. h4 Bd5 42. g3 Rf6 43. Kf2 e6 44. Ke3 Rg6 45. Kf4 Rxg5 46.
hxg5+ Kg6 47. b4 Kh5 0-1

[Event "Tournoi Skype 032A"]
[Site "Skype"]
[Date "????.??.??"]
[Round "7.12"]
[White "Graham, Neil"]
[Black "Rodier, Marc"]
[Result "1-0"]
[WhiteElo "1622"]
[BlackElo "1686"]
[PlyCount "105"]

1. d4 g6 2. c3 Nf6 3. Nd2 Bg7 4. e4 d6 5. Ngf3 Nbd7 6. Bc4 c6 7. O-O O-O 8. Re1
d5 9. e5 dxc4 10. exf6 Nxf6 11. Nxc4 Be6 12. Nce5 Bg4 13. h3 Bxf3 14. Nxf3 e6
15. Bf4 Rc8 16. Qd2 Nd7 17. Bh6 c5 18. Rad1 Nf6 19. Bxg7 Kxg7 20. Qg5 Qb6 21.
Rd2 cxd4 22. Nxd4 Rc5 23. Qf4 Qc7 24. Qxc7 Rxc7 25. Nb5 Rc6 26. Nd6 Rc7 27. a3
a6 28. Ne4 Nd5 29. Rd4 b5 30. Kf1 a5 31. a4 Rb8 32. axb5 Rxb5 33. Re2 Rc6 34.
c4 Rb4 35. Nd2 a4 36. Re1 Nf6 37. Ra1 Rxb2 38. Rxa4 Rc2 39. Ra1 e5 40. Rd3 Rb6
41. Ke1 Rbb2 42. Kd1 Rc3 43. Rc1 Rxc1+ 44. Kxc1 Ra2 45. Kb1 Ra7 46. Rc3 Rd7 47.
Kc2 Rc7 48. c5 Nd5 49. Rc4 f5 50. Nb3 Kf7 51. Ra4 Ke7 52. Kd3 Nf4+ 53. Kc4 1-0

[Event "Tournoi Skype 032A"]
[Site "Skype"]
[Date "????.??.??"]
[Round "7.13"]
[White "Casey, Eamonn"]
[Black "Llabres, Sergio"]
[Result "1/2-1/2"]
[WhiteElo "1724"]
[BlackElo "1556"]
[PlyCount "55"]

1. d4 d5 2. c4 c6 3. cxd5 cxd5 4. Bf4 Bf5 5. Nc3 a6 6. Nf3 h6 7. e3 Nc6 8. a3
e6 9. h3 Nf6 10. Bd3 Bxd3 11. Qxd3 Bd6 12. Bxd6 Qxd6 13. O-O O-O 14. Rfe1 Rfe8
15. Rad1 Qc7 16. e4 dxe4 17. Nxe4 Nxe4 18. Rxe4 Ne7 19. Qc3 Qd6 20. Ne5 Nd5 21.
Qb3 b5 22. Qf3 Qe7 23. Nc6 Qf6 24. Qg3 Rac8 25. Ne5 Rc2 26. Ng4 Qg6 27. Ree1
Rxb2 28. Qd6 1/2-1/2

[Event "Tournoi Skype 032A"]
[Site "Skype"]
[Date "????.??.??"]
[Round "7.14"]
[White "Gadow, Martin"]
[Black "Deville, Olivier"]
[Result "0-1"]
[WhiteElo "1651"]
[BlackElo "1863"]
[PlyCount "90"]

1. c4 g6 2. Nc3 Bg7 3. d3 e5 4. g3 f5 5. e3 Nf6 6. Bg2 O-O 7. Nge2 d6 8. Qb3 c6
9. O-O Kh8 10. f4 Nbd7 11. e4 Nc5 12. Qc2 a5 13. fxe5 dxe5 14. Be3 Qxd3 15.
Bxc5 Qxc2 16. Bxf8 Bxf8 17. exf5 gxf5 18. b3 Ng4 19. Rac1 Qd2 20. Rf3 e4 21.
Rd1 Qxd1+ 22. Nxd1 exf3 23. Bxf3 Bc5+ 24. Kg2 Ne3+ 25. Nxe3 Bxe3 26. Nc3 Be6
27. Na4 Bd4 28. c5 Rd8 29. a3 Bd5 30. Nb6 Bxf3+ 31. Kxf3 Bxc5 32. Nc4 Rd3+ 33.
Ke2 Rxb3 34. Nxa5 Rb2+ 35. Kd3 Bxa3 36. Nc4 Rb3+ 37. Kc2 Rf3 38. Na5 Rf2+ 39.
Kd3 Rxh2 40. Nxb7 c5 41. Nd6 Rg2 42. Nxf5 Kg8 43. Ke3 c4 44. Kf3 c3 45. Ne3 Ra2
0-1

[Event "Tournoi Skype 032A"]
[Site "Skype"]
[Date "????.??.??"]
[Round "7.15"]
[White "Perrone, Gabriel Lorenzo"]
[Black "Lambert, Pierre"]
[Result "0-1"]
[WhiteElo "1629"]
[BlackElo "1791"]
[PlyCount "54"]

1. d4 Nf6 2. c4 e6 3. Nf3 d5 4. Bg5 Nbd7 5. cxd5 exd5 6. Nc3 c6 7. e3 Be7 8.
Be2 O-O 9. O-O h6 10. Bxf6 Nxf6 11. a4 Re8 12. Rb1 a5 13. Re1 Bd6 14. Bd3 Qc7
15. e4 dxe4 16. Nxe4 Nxe4 17. Bxe4 Rxe4 18. Rc1 Rxe1+ 19. Qxe1 Be6 20. Qd1 Rd8
21. Rc3 Qb6 22. Qe2 Bf4 23. h3 Kf8 24. Qe4 Qxb2 25. Rc5 Qa1+ 26. Qe1 Qxe1+ 27.
Nxe1 Rd5 0-1

[Event "Tournoi Skype 032A"]
[Site "Skype"]
[Date "????.??.??"]
[Round "7.16"]
[White "Saponara, Jose Maria"]
[Black "Khabou, Taha"]
[Result "1-0"]
[WhiteElo "1710"]
[BlackElo "1615"]
[PlyCount "107"]

1. e4 e6 2. Nf3 d5 3. exd5 exd5 4. d4 Bf5 5. Bd3 Bxd3 6. Qxd3 c6 7. O-O Nf6 8.
c3 Be7 9. Re1 O-O 10. Nbd2 Bd6 11. Ne5 Nbd7 12. Ndf3 Qc7 13. Qf5 Rfe8 14. Bf4
g6 15. Qh3 Nh5 16. Qxd7 Qxd7 17. Nxd7 Nxf4 18. Nf6+ Kf8 19. Nxe8 Rxe8 20. Rxe8+
Kxe8 21. Re1+ Kf8 22. Re3 Ne6 23. Ne5 f6 24. Nd3 Kf7 25. g3 g5 26. Kg2 a5 27.
a4 h5 28. Re1 Bc7 29. Rb1 Bd6 30. b4 axb4 31. Nxb4 Nd8 32. Nd3 Ke6 33. h3 Kd7
34. Kf3 Kc7 35. g4 h4 36. Ke3 Ne6 37. a5 Be7 38. Ra1 Bd6 39. Ra2 Kc8 40. a6
bxa6 41. Rxa6 Kb7 42. Ra1 Kb6 43. Ra8 Kc7 44. Ra7+ Kd8 45. Rf7 Be7 46. f4 Ke8
47. Rh7 Bd6 48. f5 Nf4 49. Nxf4 Bxf4+ 50. Kd3 Bd6 51. Rb7 Kd8 52. c4 dxc4+ 53.
Kxc4 Kc8 54. Rf7 1-0

[Event "Tournoi Skype 032A"]
[Site "Skype"]
[Date "????.??.??"]
[Round "7.17"]
[White "Quispe, Alberto"]
[Black "Quiel, Aristoteles"]
[Result "1-0"]
[WhiteElo "1680"]
[BlackElo "1596"]
[PlyCount "87"]

1. d4 d5 2. c4 c6 3. Nc3 f5 4. c5 Nf6 5. Bf4 e6 6. Nf3 Be7 7. e3 Nbd7 8. Be2
O-O 9. h3 Nh5 10. Bh2 f4 11. exf4 Nxf4 12. Bxf4 Rxf4 13. Qd2 Rf8 14. O-O Nf6
15. Ne5 Qe8 16. Rae1 Bd8 17. Bf3 Ba5 18. a3 Bxc3 19. bxc3 b6 20. Qe3 Bb7 21. c4
Ba6 22. Rc1 Rd8 23. Rfe1 bxc5 24. dxc5 Bb7 25. cxd5 cxd5 26. c6 d4 27. Qb3 Ba8
28. Nd3 Rb8 29. Qxe6+ Qxe6 30. Rxe6 Rb6 31. Ne5 Rd8 32. Re7 Re8 33. Rxa7 Rxe5
34. Rxa8+ Kf7 35. c7 d3 36. c8=Q d2 37. Rc7+ Kg6 38. Qd8 Re1+ 39. Kh2 Rbb1 40.
Qxd2 Rh1+ 41. Kg3 Nh5+ 42. Bxh5+ Kxh5 43. Rxg7 Rb3+ 44. f3 1-0

[Event "Tournoi Skype 032A"]
[Site "Skype"]
[Date "????.??.??"]
[Round "7.18"]
[White "De Nobrega, George"]
[Black "Engstrom, Olle"]
[Result "0-1"]
[WhiteElo "1572"]
[BlackElo "1674"]
[PlyCount "36"]

1. e4 e5 2. Nf3 Nc6 3. Bc4 Nf6 4. Nc3 Nxe4 5. Nxe4 d5 6. Bxd5 Qxd5 7. d3 Bf5 8.
Qe2 O-O-O 9. O-O Kb8 10. Nc3 Qd7 11. a3 f6 12. Bd2 Nd4 13. Nxd4 exd4 14. Na2
Bd6 15. Bb4 c5 16. Bd2 Rhe8 17. Qf3 Bg4 18. Qd5 Bxh2+ 0-1

[Event "Tournoi Skype 032A"]
[Site "Skype"]
[Date "????.??.??"]
[Round "7.19"]
[White "Garcia Andrinal, Antonio"]
[Black "Vello, Pablo"]
[Result "1/2-1/2"]
[WhiteElo "1725"]
[BlackElo "1514"]
[PlyCount "21"]

1. e4 e5 2. Nf3 Nc6 3. Bb5 a6 4. Ba4 Nf6 5. O-O b5 6. Bb3 Be7 7. Re1 O-O 8. c3
d6 9. h3 Be6 10. Bc2 Qd7 11. Ng5 1/2-1/2

[Event "Tournoi Skype 032A"]
[Site "Skype"]
[Date "????.??.??"]
[Round "7.23"]
[White "Lopes, Marcia Maria"]
[Black "Gharbi, Said"]
[Result "0-1"]
[WhiteElo "1579"]
[BlackElo "1544"]
[PlyCount "78"]

1. d4 e5 2. dxe5 Nc6 3. Nf3 Qe7 4. Bf4 Qb4+ 5. Bd2 Qxb2 6. Nc3 Bb4 7. Rb1 Qa3
8. Rb3 Qa5 9. e4 Bxc3 10. Bxc3 Qxa2 11. Bd3 Nge7 12. O-O Ng6 13. Qc1 Na5 14.
Ra3 Qe6 15. Rxa5 O-O 16. Qb2 Nf4 17. Bb4 Qg4 18. Ne1 d6 19. f3 Qg6 20. Kh1 Re8
21. exd6 cxd6 22. Bd2 Nh5 23. e5 Qe6 24. exd6 Nf6 25. Bf4 Qxe1 26. Qc1 Qxa5 27.
c4 Qc5 28. Bg3 Nh5 29. Bf2 Qxd6 30. Rd1 Qf6 31. Qb1 h6 32. c5 Nf4 33. Bc4 Qg5
34. Bg3 Ne2 35. Re1 Nxg3+ 36. hxg3 Rxe1+ 37. Qxe1 Bd7 38. f4 Qh5+ 39. Kg1 Qxc5+
0-1

[Event "Tournoi Skype 032A"]
[Site "Skype"]
[Date "????.??.??"]
[Round "7.24"]
[White "Bourdeau, Yvan"]
[Black "Abdulrazzaq, Mohsen"]
[Result "0-1"]
[WhiteElo "1740"]
[BlackElo "1585"]
[PlyCount "34"]

1. d4 Nf6 2. Bf4 g6 3. Nc3 Bg7 4. e4 d6 5. Qd2 Nbd7 6. Nf3 O-O 7. O-O-O Re8 8.
e5 dxe5 9. Nxe5 Nxe5 10. dxe5 Qxd2+ 11. Rxd2 Nh5 12. g3 Nxf4 13. gxf4 Bh6 14.
Ne2 Bg4 15. Rd4 Rad8 16. h3 Bxe2 17. Bxe2 Rxd4 0-1

[Event "Tournoi Skype 032A"]
[Site "Skype"]
[Date "????.??.??"]
[Round "7.25"]
[White "Lago Carballo, Maria Del Carmen"]
[Black "Vasquez Cienfuegos, Oscar"]
[Result "1-0"]
[WhiteElo "1604"]
[BlackElo "1651"]
[PlyCount "61"]

1. e4 d6 2. h3 Nf6 3. c3 Nxe4 4. Qa4+ Nd7 5. Qxe4 Nf6 6. Qc2 g6 7. Bd3 Bg7 8.
Be4 d5 9. Bf3 e5 10. d3 c6 11. Ne2 Bf5 12. Ng3 Qd7 13. Qe2 O-O 14. Nxf5 Qxf5
15. O-O e4 16. dxe4 dxe4 17. Bg4 Qe5 18. Be3 h5 19. Bd4 Qe7 20. Bf3 Rfe8 21.
Re1 Rad8 22. Nd2 c5 23. Bxf6 Bxf6 24. Nxe4 Be5 25. Rad1 b6 26. Rxd8 Qxd8 27.
Qd1 Qc7 28. Nf6+ Bxf6 29. Rxe8+ Kg7 30. Re1 Qf4 31. Re4 1-0

[Event "Tournoi Skype 032A"]
[Site "Skype"]
[Date "????.??.??"]
[Round "7.26"]
[White "Grib, Johannes"]
[Black "Junqueira, Leonardo De Faria"]
[Result "1-0"]
[WhiteElo "1599"]
[BlackElo "1645"]
[PlyCount "37"]

1. e4 e5 2. Nf3 Nc6 3. Bc4 f5 4. d4 fxe4 5. Nxe5 Nxe5 6. dxe5 Ne7 7. Nc3 c6 8.
Nxe4 d5 9. Nd6+ Kd7 10. Bd3 Ng6 11. Nf7 Qe7 12. Nxh8 Nxh8 13. O-O Qxe5 14. Re1
Bd6 15. Rxe5 Bxe5 16. c4 Kc7 17. Bxh7 g6 18. Qe2 Bd6 19. Qe8 1-0

[Event "Tournoi Skype 032A"]
[Site "Skype"]
[Date "????.??.??"]
[Round "7.27"]
[White "Carballo, Jorge"]
[Black "Hague, Mark"]
[Result "1-0"]
[WhiteElo "1620"]
[BlackElo "1582"]
[PlyCount "94"]

1. e4 c6 2. d4 d5 3. exd5 cxd5 4. Nf3 Nc6 5. Bb5 a6 6. Ba4 b5 7. Bb3 Nf6 8. c3
e6 9. O-O Bd6 10. Bg5 h6 11. Bxf6 Qxf6 12. Nbd2 O-O 13. Re1 Re8 14. Nf1 Bb7 15.
Ne3 g5 16. Ng4 Qh8 17. Nge5 Nxe5 18. Nxe5 Bxe5 19. Rxe5 Qg7 20. Qd2 f6 21. Re3
e5 22. dxe5 fxe5 23. Bxd5+ Bxd5 24. Qxd5+ Qf7 25. Rd1 Rad8 26. Qxf7+ Kxf7 27.
Red3 Rxd3 28. Rxd3 Ke6 29. Kf1 e4 30. Rd4 Kf5 31. Ke2 Re6 32. Ke3 h5 33. Rd5+
Re5 34. Rd4 a5 35. b3 Rc5 36. c4 bxc4 37. Rxc4 Rb5 38. Rxe4 Rb4 39. Rxb4 axb4
40. f3 Ke5 41. g3 h4 42. f4+ gxf4+ 43. gxf4+ Kf5 44. Kf3 h3 45. Kg3 Ke4 46.
Kxh3 Kf5 47. Kg3 Ke4 1-0

[Event "Tournoi Skype 032A"]
[Site "Skype"]
[Date "????.??.??"]
[Round "7.28"]
[White "Munoz Gonzalez, Martin"]
[Black "Galani, Mahendra"]
[Result "1-0"]
[WhiteElo "1658"]
[BlackElo "1572"]
[PlyCount "71"]

1. Nf3 d5 2. b3 Nf6 3. Bb2 e6 4. g3 Bd6 5. Bg2 O-O 6. O-O Nbd7 7. d3 Qe7 8. Re1
e5 9. e3 Re8 10. c4 Bb4 11. Nc3 e4 12. Nd4 c5 13. Nc2 Nb6 14. Nxb4 cxb4 15. Ne2
g6 16. cxd5 exd3 17. Qxd3 Bf5 18. Qd4 Nbd7 19. d6 Qe5 20. Bxb7 Rab8 21. Bc6
Qxd4 22. Bxd4 Re6 23. Bxa7 Rc8 24. Bxd7 Nxd7 25. Nd4 Rxd6 26. Nxf5 gxf5 27. Bd4
Rd5 28. Rac1 Re8 29. Kf1 Ne5 30. Bxe5 Rexe5 31. Rc4 Rb5 32. Rec1 Kg7 33. Ke2
Kg6 34. Rd1 h5 35. Rdd4 Kg5 36. f4+ 1-0

[Event "Tournoi Skype 032A"]
[Site "Skype"]
[Date "????.??.??"]
[Round "7.29"]
[White "Aceituno, Stebe"]
[Black "Ramirez Reina, Orlando"]
[Result "1-0"]
[WhiteElo "1641"]
[BlackElo "1567"]
[PlyCount "75"]

1. e4 e5 2. Nf3 Nc6 3. Bc4 Nf6 4. d3 h6 5. c3 d6 6. h3 Be7 7. Nbd2 Bd7 8. Nf1
g6 9. Be3 Bf8 10. Ng3 Bg7 11. Qd2 Qe7 12. O-O a6 13. a4 Be6 14. b4 Bxc4 15.
dxc4 Rd8 16. b5 Na5 17. Qd3 Qe6 18. bxa6 bxa6 19. Rab1 O-O 20. Rb4 Kh7 21. Rfb1
Nc6 22. Rb7 Rd7 23. Qc2 Qxc4 24. Nd2 Qe6 25. c4 Rfd8 26. c5 Rb8 27. Rxb8 Nxb8
28. Rxb8 d5 29. exd5 Nxd5 30. Nde4 f5 31. Nc3 f4 32. Nxd5 fxe3 33. Nxe3 Qc6 34.
Rb1 e4 35. Rd1 Rxd1+ 36. Qxd1 Qxc5 37. Nxe4 Bd4 38. Nxc5 1-0

[Event "Tournoi Skype 032A"]
[Site "Skype"]
[Date "????.??.??"]
[Round "7.30"]
[White "Davis, Michael"]
[Black "Pasasin, Alejandro"]
[Result "0-1"]
[WhiteElo "1590"]
[BlackElo "1576"]
[PlyCount "56"]

1. e4 e5 2. Nf3 Nc6 3. Bc4 Nd4 4. Nxe5 Qg5 5. Ng4 h5 6. Ne3 Nf6 7. d3 Qg6 8.
Nc3 c6 9. Ne2 Ne6 10. Bd2 d6 11. Bxe6 fxe6 12. Nf4 Qf7 13. g3 Bd7 14. Bc3 Be7
15. e5 dxe5 16. Bxe5 Nd5 17. Nfxd5 exd5 18. Qe2 O-O-O 19. Bc3 Bc5 20. d4 Bb6
21. O-O-O Rde8 22. Qd3 Rhg8 23. Rhe1 g6 24. a3 Re6 25. Re2 Rge8 26. Rde1 Bc7
27. f4 Re4 28. Kb1 R8e6 0-1

[Event "Tournoi Skype 032A"]
[Site "Skype"]
[Date "????.??.??"]
[Round "7.31"]
[White "Le Brun, Yves"]
[Black "L'Herbon De Lussats, Jean"]
[Result "0-1"]
[WhiteElo "1601"]
[BlackElo "1493"]
[PlyCount "62"]

1. d4 d5 2. Bf4 Nf6 3. e3 c5 4. c3 Qb6 5. Qc2 Nh5 6. Bg5 Nf6 7. Bd3 g6 8. Nf3
Bg7 9. h3 O-O 10. Bf4 Nbd7 11. a4 a5 12. Bb5 Ne4 13. Bxd7 Bxd7 14. Nbd2 Rac8
15. Nxe4 dxe4 16. Be5 exf3 17. Bxg7 Kxg7 18. O-O fxg2 19. Kxg2 Qe6 20. Rh1 Bc6+
21. f3 Qxe3 22. Rhf1 Qg5+ 23. Kh2 Qf4+ 24. Kg2 Bd7 25. Qf2 cxd4 26. Qxd4+ Qxd4
27. cxd4 Rc2+ 28. Kg3 Rxb2 29. d5 Rc8 30. Rae1 e6 31. dxe6 Bxe6 0-1

[Event "Tournoi Skype 032A"]
[Site "Skype"]
[Date "????.??.??"]
[Round "7.32"]
[White "De Fazio, Monica"]
[Black "Sosa, Juan Carlos"]
[Result "0-1"]
[WhiteElo "1603"]
[BlackElo "1569"]
[PlyCount "72"]

1. d4 d5 2. c4 c6 3. Nf3 Nf6 4. g3 Bf5 5. Bg2 e6 6. O-O Be7 7. Nc3 Nbd7 8. b3
O-O 9. Bb2 h6 10. e3 Ne4 11. Nxe4 dxe4 12. Nd2 Nf6 13. f3 exf3 14. Bxf3 Rc8 15.
e4 Bg6 16. Qe2 a6 17. Rac1 Nd7 18. Rfd1 Rc7 19. b4 Bxb4 20. Bc3 Be7 21. Ba5 b6
22. Bc3 Bf6 23. Rb1 Be7 24. Nb3 Qc8 25. Qf2 c5 26. Rbc1 Bf6 27. d5 exd5 28.
Bxf6 Nxf6 29. exd5 Be4 30. d6 Rd7 31. Nd2 Bxf3 32. Nxf3 Ne4 33. Qe3 Re8 34. Qf4
Qb8 35. Ne5 Rxe5 36. Qxf7+ Rxf7 0-1

[Event "Tournoi Skype 032A"]
[Site "Skype"]
[Date "????.??.??"]
[Round "8.1"]
[White "Grosso, Raul"]
[Black "Franco Flores, Ximena"]
[Result "1/2-1/2"]
[WhiteElo "1848"]
[BlackElo "1594"]
[PlyCount "126"]

1. Nf3 Nf6 2. g3 d5 3. Bg2 c5 4. d4 Nc6 5. O-O cxd4 6. Nxd4 e5 7. Nxc6 bxc6 8.
c4 Be7 9. Nc3 Be6 10. Bg5 e4 11. cxd5 cxd5 12. Qa4+ Qd7 13. Rfd1 Qxa4 14. Nxa4
O-O 15. Rac1 Rfc8 16. Be3 Ng4 17. Rxc8+ Rxc8 18. Bxa7 Rc2 19. Nc3 Rxb2 20. Bd4
Rc2 21. h3 Nf6 22. a4 Nd7 23. e3 Bb4 24. Nb5 Ba5 25. Bf1 h6 26. Ra1 g5 27. g4
f5 28. gxf5 Bxf5 29. Nd6 Be6 30. Nb7 Bb6 31. a5 Bxd4 32. exd4 Rb2 33. Nc5 Nxc5
34. dxc5 Rb8 35. a6 Ra8 36. Rb1 d4 37. Rb6 Kf7 38. Bb5 d3 39. Rd6 Ke7 40. f3
Rb8 41. Bc6 e3 42. Rxd3 Rb1+ 43. Kg2 e2 44. Re3 e1=Q 45. Rxe1 Rxe1 46. a7 Ra1
47. a8=Q Rxa8 48. Bxa8 h5 49. h4 gxh4 50. Be4 Kd8 51. Kf2 Kc7 52. f4 Bd7 53.
Kf3 h3 54. Kg3 Be6 55. Bf3 Bc8 56. c6 Kd6 57. Bxh5 Kxc6 58. Be2 Be6 59. Bf1 h2
60. Kxh2 Kd5 61. Kg2 Kd6 62. Kg3 Ke7 63. f5 Bxf5 1/2-1/2